000 01112nam a2200277 i 4500
003 EG-GICUC
005 20260121101327.0
008 251120s2003 ua ||||fr|||| 00| 0 ara d
040 _a EG-GICUC
_bara
_c EG-GICUC
_d EG-GICUC
_erda
041 0 _aara
082 0 4 _221
_a345.01
_bع ب . ن
092 0 4 _221
099 _aLaw1 07 345.01 ع ب . ن 2001
100 0 _aعبد الغني بسيوني عبد الله
_eمؤلف.
245 1 2 _aالنظرية العامة في القانون الإداري :
_bدراسة مقارنة لأسس ومبادئ القانون الإداري وتطبيقها في مصر /
_cعبد الغني بسيوني عبد الله.
264 1 _aالإسكندرية :
_bمنشأة المعارف،
_c2003.
300 _a690 ؛ صفحة
_c24 سم
336 _2rda content
_atext
337 _2rda media
_aComputer
338 _2rda carrier
_aOnline Resource
546 _aالنص باللغة العربية
650 1 4 _aالقانون الإداري
856 4 0 _uhttps://fll.law.cu.edu.eg/fulltext/bks/B07-00838.pdf
905 _a30
_eHassnaa
942 _2ddc
_cBK
_e21
_n0
999 _c45029
_d45029